| 000 | 00394nam a22001217a 4500 | ||
|---|---|---|---|
| 020 | _a9781107019485 | ||
| 082 |
_a629.1341 _bRIZ |
||
| 100 |
_aRizzi , Arthur _9110989 |
||
| 245 |
_aAircraft Aerodynamics Design with Computational Software / _cArthur Rizzi & Jesper Oppelstrup |
||
| 260 |
_aUK , _bCambridge Uni Press, _c2021. |
||
| 300 |
_axxviii, 431p. ; _bHardbinding _c26cm. |
||
| 942 |
_2ddc _cBK |
||
| 999 |
_c594007 _d594007 |
||